000 01169 a2200349 4500
001 2505891
003 000000
005 20251105133254.0
008 921020s1993 nyua 001 0 eng
010 _a 92038761
020 _a0070338744
035 _a2505891
040 _aDLC
_cDLC
_dDLC
_erda
050 0 0 _aQC 23 .K398
082 0 0 _a530
_220
100 1 _aKeller, Frederick J.,
_d1934-
245 1 0 _aPhysics /
_cFrederick J. Keller, W. Edward Gettys, Malcolm J. Skove.
250 _a2nd ed.
264 _aNew York :
_bMcGraw-Hill,
_c1993
300 _axx, 995, 28, 9 p. :
_bill. (some col.) ;
_c29 cm.
336 _atext
_btxt
_2rdacontent
337 _aunmediated
_bn
_2rdamedia
338 _avolume
_bnc
_2rdacarrier
500 _aIncludes index.
650 0 _aPhysics.
700 1 _aGettys, W. Edward.
700 1 _aSkove, Malcolm J.,
_d1931-
906 _a7
_bcbc
_corignew
_d1
_eocip
_f19
_gy-gencatlg
942 _2lcc
_cBK
999 _c43970
_d43970